[Event "Mercredi 2010.03.31 ABCD"]
[Site "Montreal CAN"]
[Date "2010.03.31"]
[Round "1"]
[White "Cote, Philippe"]
[Black "Baran, Marius"]
[Result "1-0"]
[WhiteElo "1753"]
[BlackElo "1747"]
[PlyCount "49"]
[EventDate "2010.03.31"]
[EventType "tourn"]
[EventRounds "5"]
[EventCountry "CAN"]

1. e4 c5 2. Nf3 d6 3. d4 cxd4 4. Nxd4 Nf6 5. Nc3 g6 6. f3 Bg7 7. Be3 Nc6 8. Qd2
Bd7 9. g4 h5 10. g5 Nh7 11. O-O-O O-O 12. f4 Qa5 13. Be2 Rfd8 14. Rhg1 Nf8 15.
f5 Ne5 16. Nb3 Qc7 17. Nd5 Qb8 18. Nxe7+ Kh7 19. f6 Bh8 20. Qxd6 Ne6 21. Qxb8
Rdxb8 22. Nc5 Nxc5 23. Bxc5 Rd8 24. Rd5 Bb5 25. Bxb5 1-0

[Event "Mercredi 2010.03.31 ABCD"]
[Site "Montreal CAN"]
[Date "2010.03.31"]
[Round "1"]
[White "Gagnon, Serge"]
[Black "Lange, David"]
[Result "0-1"]
[WhiteElo "1969"]
[BlackElo "1962"]
[PlyCount "82"]
[EventDate "2010.03.31"]
[EventType "tourn"]
[EventRounds "5"]
[EventCountry "CAN"]

1. Nf3 d5 2. c4 c6 3. d4 Nf6 4. Nc3 e6 5. Bg5 Be7 6. e3 O-O 7. Qc2 h6 8. Bxf6
Bxf6 9. cxd5 exd5 10. Bd3 Re8 11. O-O Bg4 12. Nd2 Nd7 13. f3 Be6 14. f4 Nf8 15.
Nf3 Bd7 16. Ne5 Bxe5 17. fxe5 Ne6 18. Bh7+ Kh8 19. Rxf7 Ng5 20. Rxd7 Qxd7 21.
Bf5 Qe7 22. Ne2 Ne6 23. Nf4 Nxf4 24. exf4 Rf8 25. Rf1 Qb4 26. Rd1 c5 27. a3 Qc4
28. Qxc4 dxc4 29. Bd7 Rxf4 30. d5 Rd4 31. Rxd4 cxd4 32. e6 c3 33. bxc3 dxc3 34.
Ba4 b5 35. Bb3 Kg8 36. Kf2 Kf8 37. d6 a5 38. Ke3 Ra6 39. Kd3 Rxd6+ 40. Kxc3 Ke7
41. g3 Rxe6 0-1

[Event "Mercredi 2010.03.31 ABCD"]
[Site "Montreal CAN"]
[Date "2010.03.31"]
[Round "1"]
[White "Gauthier, Luc"]
[Black "Keane-McCarney, Eamon"]
[Result "1-0"]
[WhiteElo "1724"]
[BlackElo "1643"]
[PlyCount "31"]
[EventDate "2010.03.31"]
[EventType "tourn"]
[EventRounds "5"]
[EventCountry "CAN"]

1. e4 e5 2. f4 exf4 3. Nf3 d6 4. Bc4 g5 5. O-O Qf6 6. d4 g4 7. e5 Qh6 8. Bxf7+
Kxf7 9. Bxf4 Qh5 10. Ng5+ Kg6 11. Be3 Nh6 12. Rf6+ Kg7 13. Qf1 Bf5 14. Qxf5
Nxf5 15. Ne6+ Kg8 16. Rxf8# 1-0

[Event "Mercredi 2010.03.31 ABCD"]
[Site "Montreal CAN"]
[Date "2010.03.31"]
[Round "1"]
[White "Khudaverdian, Berj"]
[Black "Messier, Samuel"]
[Result "1-0"]
[WhiteElo "1713"]
[BlackElo "1650"]
[PlyCount "51"]
[EventDate "2010.03.31"]
[EventType "tourn"]
[EventRounds "5"]
[EventCountry "CAN"]

1. Nf3 Nf6 2. g3 c6 3. Bg2 d5 4. d4 Bf5 5. O-O h6 6. Nbd2 e6 7. b3 Bd6 8. Bb2
Nbd7 9. Re1 O-O 10. Nh4 Bh7 11. e4 dxe4 12. Nxe4 Nxe4 13. Bxe4 Bxe4 14. Rxe4
Nf6 15. Re1 Qa5 16. c4 Bb4 17. Re5 Qc7 18. Qf3 Nd7 19. Re2 g5 20. Ng2 Rad8 21.
h4 Be7 22. hxg5 hxg5 23. Ne3 Bf6 24. Kg2 Qd6 25. c5 Qe7 26. Nf5 1-0

[Event "Mercredi 2010.03.31 ABCD"]
[Site "Montreal CAN"]
[Date "2010.03.31"]
[Round "1"]
[White "Rondon, Luciano"]
[Black "Lange, Holger"]
[Result "1/2-1/2"]
[WhiteElo "1793"]
[BlackElo "1728"]
[PlyCount "86"]
[EventDate "2010.03.31"]
[EventType "tourn"]
[EventRounds "5"]
[EventCountry "CAN"]

1. d4 Nf6 2. c4 e6 3. e3 d5 4. Nf3 Be7 5. Nc3 O-O 6. Bd3 b6 7. O-O Bb7 8. cxd5
exd5 9. Bd2 Nbd7 10. Rc1 Ne4 11. Qc2 Ndf6 12. Ne5 Rc8 13. Nb5 Nxd2 14. Qxd2 a6
15. Na7 Ra8 16. Nac6 Bxc6 17. Rxc6 Bd6 18. Qe2 Nd7 19. Rfc1 Bxe5 20. dxe5 Nc5
21. Bf5 Qe8 22. Rxc7 Qxe5 23. Qh5 g6 24. Bxg6 Qxh5 25. Bxh5 Rad8 26. Rd1 Rd6
27. g3 a5 28. Rd4 f5 29. Rh4 Ne6 30. Ra7 Ng7 31. Bf3 Rfd8 32. b4 d4 33. exd4
axb4 34. d5 Rc8 35. Rxb4 Rc3 36. Kg2 Rc5 37. Rb7 Ra5 38. R7xb6 Rxb6 39. Rxb6
Rxa2 40. d6 Rd2 41. Rb8+ Kf7 42. Rb7+ Kf6 43. d7 Ne6 1/2-1/2

[Event "Mercredi 2010.03.31 ABCD"]
[Site "Montreal CAN"]
[Date "2010.03.31"]
[Round "1"]
[White "Sasseville, Jean"]
[Black "Dobrev, Martin"]
[Result "0-1"]
[WhiteElo "2058"]
[BlackElo "1855"]
[PlyCount "87"]
[EventDate "2010.03.31"]
[EventType "tourn"]
[EventRounds "5"]
[EventCountry "CAN"]

1. c4 c6 2. Nf3 d5 3. b3 Nf6 4. Bb2 Bf5 5. g3 e6 6. Bg2 h6 7. O-O Be7 8. d3 O-O
9. cxd5 exd5 10. Nc3 Re8 11. Nd4 Bg4 12. h3 Bh5 13. Rc1 Qa5 14. a3 Qd8 15. Nf5
Bf8 16. g4 Bg6 17. e4 Bxf5 18. gxf5 Qd6 19. f4 dxe4 20. Nxe4 Nxe4 21. dxe4 Na6
22. e5 Qxd1 23. Rfxd1 Rad8 24. b4 Nc7 25. Kf2 Be7 26. Ke2 Rxd1 27. Rxd1 Rd8 28.
Rxd8+ Bxd8 29. Kd3 Bh4 30. Kc4 Kf8 31. Bd4 Bg3 32. Bxa7 Bxf4 33. Bc5+ Ke8 34.
Bd6 Nb5 35. Bc5 Nxa3+ 36. Kd3 Bg5 37. Bf3 Be7 38. Bxe7 Kxe7 39. Kd4 g6 40. f6+
Kd8 41. Kc5 h5 42. Bd1 Ke8 43. Bf3 g5 44. Kb6 0-1

[Event "Mercredi 2010.03.31 ABCD"]
[Site "Montreal CAN"]
[Date "2010.03.31"]
[Round "1"]
[White "Sonn, Eric"]
[Black "Millette, Sylvain"]
[Result "1-0"]
[WhiteElo "1524"]
[BlackElo "1609"]
[PlyCount "67"]
[EventDate "2010.03.31"]
[EventType "tourn"]
[EventRounds "5"]
[EventCountry "CAN"]

1. c4 Nf6 2. Nc3 g6 3. e4 e5 4. Nf3 d6 5. Be2 Bg7 6. d4 Nbd7 7. O-O O-O 8. Qc2
c5 9. dxc5 dxc5 10. Rd1 Re8 11. Bg5 h6 12. Bh4 Qb6 13. Nd5 Nxd5 14. cxd5 Qd6
15. Rac1 b6 16. Nd2 Nf6 17. Nc4 Qd7 18. a4 Ba6 19. f3 g5 20. Be1 Red8 21. Nxe5
Qb7 22. Bc3 Bxe2 23. Qxe2 Ne8 24. Nc6 Rd6 25. Be1 Rxc6 26. dxc6 Qxc6 27. b4
Qxa4 28. bxc5 bxc5 29. Bf2 Bd4 30. Bxd4 cxd4 31. Rc4 Qa6 32. Qd3 Rd8 33. Rxd4
Qxd3 34. R4xd3 1-0

[Event "Mercredi 2010.03.31 ABCD"]
[Site "Montreal CAN"]
[Date "2010.03.31"]
[Round "1"]
[White "Zroud, Hicham"]
[Black "Gates, Claude-Eric"]
[Result "1-0"]
[WhiteElo "1789"]
[BlackElo "1744"]
[PlyCount "101"]
[EventDate "2010.03.31"]
[EventType "tourn"]
[EventRounds "5"]
[EventCountry "CAN"]

1. d4 Nf6 2. Nf3 e6 3. e3 c5 4. c3 Nc6 5. Bd3 cxd4 6. exd4 b6 7. Nbd2 Bb7 8.
O-O Bd6 9. Ne4 Be7 10. Qe2 Qc7 11. Nxf6+ Bxf6 12. Bg5 Bxg5 13. Nxg5 Qf4 14. Nf3
Ne7 15. Qe5 Qxe5 16. Nxe5 d6 17. Nc4 Kd7 18. Ne3 Rac8 19. Rac1 Ng6 20. f4 f5
21. Nxf5 Rcf8 22. Bb5+ Kc7 23. Nxg7 Rf6 24. Rce1 Kb8 25. Rxe6 Rf7 26. Re8+ Rxe8
27. Nxe8 Rxf4 28. Nxd6 Bd5 29. Bc4 Bc6 30. Rxf4 Nxf4 31. g3 Nh3+ 32. Kf1 Ng5
33. Be2 a5 34. Kf2 Kc7 35. Nc4 Bd7 36. Ne5 Be6 37. c4 Kd6 38. Ke3 h6 39. Bg4
Bg8 40. Bf5 Nh7 41. b3 Kc7 42. d5 Kd6 43. Kd4 Ng5 44. h4 Nh7 45. Ng4 h5 46. Nh6
Nf6 47. Nxg8 Nxg8 48. g4 hxg4 49. Bxg4 Nh6 50. Be6 Ke7 51. Ke5 1-0

[Event "Mercredi 2010.03.31 ABCD"]
[Site "Montreal CAN"]
[Date "2010.04.07"]
[Round "2"]
[White "Dobrev, Martin"]
[Black "Gagnon, Serge"]
[Result "0-1"]
[WhiteElo "1855"]
[BlackElo "1969"]
[PlyCount "56"]
[EventDate "2010.03.31"]
[EventType "tourn"]
[EventRounds "5"]
[EventCountry "CAN"]

1. d4 d6 2. c4 e5 3. Nf3 e4 4. Nfd2 f5 5. Nc3 Nf6 6. Qb3 c5 7. e3 Nc6 8. d5 Ne5
9. Be2 Be7 10. f3 exf3 11. Nxf3 Nfg4 12. O-O O-O 13. Qc2 Nxf3+ 14. Rxf3 Bf6 15.
Bd2 Be5 16. Rh3 h6 17. Rf1 Qe7 18. Kh1 Bd7 19. Nd1 Rae8 20. Bc3 Bxc3 21. Qxc3
f4 22. Rhf3 fxe3 23. Rxf8+ Rxf8 24. Rxf8+ Qxf8 25. Nxe3 Nf2+ 26. Kg1 Ne4 27.
Qe1 Qf6 28. Bd3 Qd4 0-1

[Event "Mercredi 2010.03.31 ABCD"]
[Site "Montreal CAN"]
[Date "2010.04.07"]
[Round "2"]
[White "Eddouri, Hmida"]
[Black "Lescarbeau, Martin"]
[Result "1-0"]
[WhiteElo "1509"]
[BlackElo "1521"]
[PlyCount "35"]
[EventDate "2010.03.31"]
[EventType "tourn"]
[EventRounds "5"]
[EventCountry "CAN"]

1. e4 e6 2. d4 d5 3. e5 c5 4. c3 Qb6 5. Nf3 Nc6 6. Bd3 Bd7 7. O-O cxd4 8. cxd4
Nxd4 9. Nxd4 Qxd4 10. Nc3 a6 11. Re1 Bb4 12. Be3 Qxe5 13. Bc5 Qf4 14. g3 Qg5
15. Bxb4 h5 16. h4 Qh6 17. Nxd5 Kd8 18. Bd2 1-0

[Event "Mercredi 2010.03.31 ABCD"]
[Site "Montreal CAN"]
[Date "2010.04.07"]
[Round "2"]
[White "Gates, Claude-Eric"]
[Black "Cote, Philippe"]
[Result "1-0"]
[WhiteElo "1744"]
[BlackElo "1753"]
[PlyCount "47"]
[EventDate "2010.03.31"]
[EventType "tourn"]
[EventRounds "5"]
[EventCountry "CAN"]

1. c4 f5 2. g3 Nf6 3. Bg2 g6 4. Nc3 Bg7 5. Nf3 O-O 6. O-O d6 7. d4 Nbd7 8. d5
Nc5 9. b4 Nfe4 10. Nxe4 Bxa1 11. Nxc5 dxc5 12. Be3 Bg7 13. Bxc5 Re8 14. Bd4 e5
15. dxe6 Bxe6 16. Qa1 Qe7 17. Bxg7 Qxg7 18. Qxg7+ Kxg7 19. Ne5 Kf6 20. f4 Rad8
21. Bxb7 Rd2 22. Bf3 Rxa2 23. Rd1 Ra4 24. Bc6 1-0

[Event "Mercredi 2010.03.31 ABCD"]
[Site "Montreal CAN"]
[Date "2010.04.07"]
[Round "2"]
[White "Gauthier, Luc"]
[Black "Khudaverdian, Berj"]
[Result "1-0"]
[WhiteElo "1724"]
[BlackElo "1713"]
[PlyCount "87"]
[EventDate "2010.03.31"]
[EventType "tourn"]
[EventRounds "5"]
[EventCountry "CAN"]

1. e4 d5 2. exd5 Bf5 3. d4 Nf6 4. Nf3 Qxd5 5. Nc3 Qd8 6. Be2 e6 7. Bg5 Be7 8.
O-O h6 9. Bh4 O-O 10. Re1 c6 11. h3 Nbd7 12. Bd3 Bh7 13. Bxh7+ Nxh7 14. Bxe7
Qxe7 15. d5 Rad8 16. dxe6 fxe6 17. Qe2 Rf6 18. Rad1 Ndf8 19. Rxd8 Qxd8 20. Rd1
Qc7 21. Ne4 Rf5 22. Nc3 Nf6 23. Re1 Qf4 24. Rd1 Nd5 25. Ne4 b5 26. Ng3 Rf7 27.
Ne5 Rc7 28. Nd3 Qc4 29. b3 Qh4 30. Qe5 Qf6 31. Ne4 Qxe5 32. Nxe5 b4 33. Nc5 Nc3
34. Rd8 Kh7 35. Rxf8 Nxa2 36. Rf7 Rxf7 37. Nxf7 Nc3 38. Nd8 Ne2+ 39. Kf1 Nd4
40. Ncxe6 Nxc2 41. Nxc6 Kg6 42. Ned4 Nxd4 43. Nxd4 a5 44. Ke2 1-0

[Event "Mercredi 2010.03.31 ABCD"]
[Site "Montreal CAN"]
[Date "2010.04.07"]
[Round "2"]
[White "Keane-McCarney, Eamon"]
[Black "Sonko, Babacar"]
[Result "1-0"]
[WhiteElo "1643"]
[BlackElo "1685"]
[PlyCount "57"]
[EventDate "2010.03.31"]
[EventType "tourn"]
[EventRounds "5"]
[EventCountry "CAN"]

1. e4 c5 2. Nf3 a6 3. d4 cxd4 4. Nxd4 Nf6 5. Nc3 e5 6. Nb3 d6 7. f3 Be6 8. Be3
Nbd7 9. Nd5 Be7 10. Qd2 O-O 11. O-O-O Bxd5 12. exd5 Rc8 13. g4 Qc7 14. Qf2 e4
15. g5 Nh5 16. fxe4 f5 17. exf5 Rxf5 18. Qxf5 Ne5 19. Bh3 Rf8 20. Qe4 Nc4 21.
Nd4 Qb6 22. b3 Nxe3 23. Qxe7 Qd8 24. Qxe3 Nf4 25. Be6+ Kh8 26. Nf5 Qxg5 27.
Nxd6 Nxe6 28. Qxg5 Nxg5 29. Rhf1 1-0

[Event "Mercredi 2010.03.31 ABCD"]
[Site "Montreal CAN"]
[Date "2010.04.07"]
[Round "2"]
[White "Lange, Holger"]
[Black "Baran, Marius"]
[Result "1-0"]
[WhiteElo "1728"]
[BlackElo "1747"]
[PlyCount "81"]
[EventDate "2010.03.31"]
[EventType "tourn"]
[EventRounds "5"]
[EventCountry "CAN"]

1. d4 Nf6 2. c4 c6 3. Nc3 d5 4. Nf3 e6 5. Bg5 Be7 6. e3 O-O 7. Bd3 dxc4 8. Bxc4
Nd5 9. Bxe7 Qxe7 10. O-O Nd7 11. Rc1 Nxc3 12. bxc3 b5 13. Bd3 e5 14. Qc2 g6 15.
e4 Bb7 16. Rfe1 Rfe8 17. a4 a6 18. Rb1 Red8 19. Red1 Kg7 20. Qb2 Kg8 21. Qc2
exd4 22. cxd4 c5 23. axb5 cxd4 24. bxa6 Bxa6 25. Bxa6 Rxa6 26. Rxd4 Nf6 27.
Rxd8+ Qxd8 28. Rd1 Qa8 29. e5 Ng4 30. h3 Ra2 31. Qc7 Ra1 32. Qd7 Nh6 33. Qd4
Rxd1+ 34. Qxd1 Qe4 35. Qd2 Nf5 36. Qd8+ Kg7 37. Qf6+ Kg8 38. Ng5 Qd5 39. e6
Qd1+ 40. Kh2 Qd6+ 41. g3 1-0

[Event "Mercredi 2010.03.31 ABCD"]
[Site "Montreal CAN"]
[Date "2010.04.07"]
[Round "2"]
[White "Levkovsky, Alexandre"]
[Black "Sasseville, Jean"]
[Result "1-0"]
[WhiteElo "2193"]
[BlackElo "2058"]
[PlyCount "97"]
[EventDate "2010.03.31"]
[EventType "tourn"]
[EventRounds "5"]
[EventCountry "CAN"]

1. e4 c5 2. Nf3 Nc6 3. d4 cxd4 4. Nxd4 e6 5. Nc3 Qc7 6. Ndb5 Qb8 7. a4 a6 8.
Na3 Nf6 9. g3 Bc5 10. Bg2 O-O 11. O-O d6 12. Nc4 Nd7 13. Be3 Rd8 14. a5 b5 15.
axb6 Bxe3 16. fxe3 Nxb6 17. Qh5 Ra7 18. Na5 Ne5 19. Rf4 Bd7 20. Raf1 g6 21. Qh6
Bb5 22. R1f2 Nbd7 23. Rh4 Nf8 24. Qg5 Be8 25. Nb3 Rc8 26. Bf1 a5 27. Nd1 Rxc2
28. Nd4 Rxf2 29. Kxf2 Ba4 30. Nc3 Qxb2+ 31. Nce2 Be8 32. Qd8 Bd7 33. Rxh7 Kxh7
34. Qxf8 Qb4 35. Nf3 Nxf3 36. Qxf7+ Kh8 37. Kxf3 e5 38. Qf8+ Kh7 39. Qf7+ Kh8
40. Qxg6 Bc6 41. Bh3 Qb8 42. Qf6+ Rg7 43. Bf5 Qg8 44. Qh6+ Rh7 45. Qxd6 Be8 46.
Qxe5+ Rg7 47. Qxa5 Bh5+ 48. g4 Bxg4+ 49. Bxg4 1-0

[Event "Mercredi 2010.03.31 ABCD"]
[Site "Montreal CAN"]
[Date "2010.04.07"]
[Round "2"]
[White "Messier, Samuel"]
[Black "Chesnut, Walter"]
[Result "1-0"]
[WhiteElo "1650"]
[BlackElo "1692"]
[PlyCount "125"]
[EventDate "2010.03.31"]
[EventType "tourn"]
[EventRounds "5"]
[EventCountry "CAN"]

1. e4 e5 2. Nf3 Nc6 3. Bb5 a6 4. Ba4 Nf6 5. O-O Be7 6. Re1 d6 7. Bxc6+ bxc6 8.
d4 Bg4 9. dxe5 Bxf3 10. Qxf3 dxe5 11. Nd2 O-O 12. Qg3 Bd6 13. Nc4 Qe7 14. Bh6
Ne8 15. Bg5 Qe6 16. b3 f6 17. Be3 Bb4 18. Red1 Bc3 19. Rab1 f5 20. Bc5 Bd4 21.
Bxf8 Kxf8 22. exf5 Qxf5 23. Rd3 Kg8 24. Rbd1 Nf6 25. c3 Ne4 26. Qf3 Qxf3 27.
Rxf3 Nxc3 28. Rd2 Ne4 29. Rc2 Rd8 30. h4 Nf6 31. Kf1 Nd5 32. Na5 c5 33. Nc6 Rd6
34. Nxd4 cxd4 35. Rf5 e4 36. Ke1 e3 37. Rxd5 exf2+ 38. Kxf2 Rxd5 39. Rxc7 d3
40. Ke1 Ra5 41. a4 Rd5 42. Kd2 a5 43. Rc3 Rd4 44. g3 Rd5 45. Rxd3 Re5 46. Rf3
Rc5 47. Kd3 g6 48. Kd4 Rc2 49. Rc3 Rf2 50. Kc5 Rf5+ 51. Kb6 Kg7 52. Rc5 Rf3 53.
Rb5 Rxg3 54. Kxa5 Rg4 55. Kb6 Rxh4 56. a5 Rf4 57. a6 Rf6+ 58. Kb7 Rf7+ 59. Kc8
Rf8+ 60. Kc7 Rf7+ 61. Kb6 Kh6 62. a7 Rf8 63. Ka6 1-0

[Event "Mercredi 2010.03.31 ABCD"]
[Site "Montreal CAN"]
[Date "2010.04.07"]
[Round "2"]
[White "Millette, Sylvain"]
[Black "Chen, Jianqiu"]
[Result "1/2-1/2"]
[WhiteElo "1609"]
[BlackElo "1523"]
[PlyCount "119"]
[EventDate "2010.03.31"]
[EventType "tourn"]
[EventRounds "5"]
[EventCountry "CAN"]

1. Nf3 d6 2. g3 e5 3. d3 Nc6 4. Bg2 Nge7 5. e4 f5 6. exf5 Bxf5 7. Nc3 Qd7 8.
Be3 d5 9. d4 e4 10. Nh4 Bg4 11. f3 exf3 12. Bxf3 Bh3 13. Bg2 Bxg2 14. Nxg2
O-O-O 15. Qf3 Nf5 16. O-O-O Bb4 17. Ne2 Rhf8 18. Qg4 Kb8 19. c3 Bd6 20. Nef4
Nxe3 21. Qxd7 Rxd7 22. Nxe3 Bxf4 23. gxf4 Rxf4 24. Rdf1 Re4 25. Rf8+ Nd8 26.
Kd2 c6 27. Rhf1 Kc7 28. R1f4 Rxf4 29. Rxf4 Rf7 30. Rxf7+ Nxf7 31. Nf5 g6 32.
Ng3 Nd6 33. b3 Kd7 34. Ke2 Ke6 35. Kf3 Nb5 36. Ne2 Kf5 37. h4 h6 38. Ng3+ Kf6
39. Ne2 Nd6 40. Kf4 g5+ 41. hxg5+ hxg5+ 42. Kg4 Kg6 43. Ng3 Ne4 44. Ne2 Nf6+
45. Kf3 Kh5 46. Ng3+ Kh4 47. Kg2 Ne4 48. Nxe4 dxe4 49. c4 Kg4 50. d5 Kf5 51. d6
Ke6 52. c5 g4 53. Kf2 Kd7 54. b4 b6 55. a3 bxc5 56. bxc5 a5 57. a4 Kd8 58. Ke2
g3 59. Ke3 Kd7 60. Ke2 1/2-1/2

[Event "Mercredi 2010.03.31 ABCD"]
[Site "Montreal CAN"]
[Date "2010.04.07"]
[Round "2"]
[White "Rondon, Luciano"]
[Black "Zroud, Hicham"]
[Result "1-0"]
[WhiteElo "1793"]
[BlackElo "1789"]
[PlyCount "61"]
[EventDate "2010.03.31"]
[EventType "tourn"]
[EventRounds "5"]
[EventCountry "CAN"]

1. e4 c5 2. Nf3 g6 3. d4 cxd4 4. Nxd4 Nc6 5. Nc3 Bg7 6. Be3 Nf6 7. Be2 O-O 8.
O-O d6 9. Kh1 Bd7 10. h3 Nxd4 11. Bxd4 Bc6 12. Bf3 b5 13. Re1 e6 14. Qd3 b4 15.
Ne2 Qc7 16. c3 a5 17. cxb4 axb4 18. e5 Bxf3 19. Qxf3 dxe5 20. Rec1 Qb8 21. Bc5
Rc8 22. Ng3 Bh6 23. Qxf6 Bxc1 24. Rxc1 Rxa2 25. Ne4 Rxb2 26. Rd1 Qc7 27. Bd6
Qd8 28. Qxe5 Rbc2 29. Nf6+ Kg7 30. Ne8+ Kh6 31. Bf8# 1-0

[Event "Mercredi 2010.03.31 ABCD"]
[Site "Montreal CAN"]
[Date "2010.04.14"]
[Round "3"]
[White "Baran, Marius"]
[Black "Gates, Claude-Eric"]
[Result "0-1"]
[WhiteElo "1747"]
[BlackElo "1744"]
[PlyCount "92"]
[EventDate "2010.03.31"]
[EventType "tourn"]
[EventRounds "5"]
[EventCountry "CAN"]

1. Nf3 Nf6 2. b3 d5 3. e3 Bg4 4. Be2 e6 5. O-O Nbd7 6. Bb2 Bd6 7. c4 c6 8. d4
Ne4 9. Ne5 Bxe2 10. Qxe2 Qc7 11. f3 Nef6 12. f4 Ne4 13. Nxd7 Qxd7 14. Nc3 Nxc3
15. Bxc3 f5 16. a4 O-O 17. b4 a6 18. Rfb1 Rfc8 19. c5 Bc7 20. Be1 b6 21. Bh4 a5
22. b5 cxb5 23. axb5 bxc5 24. dxc5 Rab8 25. b6 Bd8 26. Bxd8 Qxd8 27. Rxa5 Qe7
28. Qb5 e5 29. c6 exf4 30. Qxd5+ Kh8 31. e4 f3 32. e5 f2+ 33. Kxf2 Qh4+ 34. Ke2
Qg4+ 35. Kf1 Qf4+ 36. Ke2 Qg4+ 37. Qf3 Qc4+ 38. Qd3 Qxc6 39. Rab5 Qxg2+ 40. Ke1
Qh1+ 41. Qf1 Qe4+ 42. Qe2 Qh1+ 43. Kd2 Rd8+ 44. Kc2 Qc6+ 45. Kb3 Rxb6 46. Rxb6
Qxb6+ 0-1

[Event "Mercredi 2010.03.31 ABCD"]
[Site "Montreal CAN"]
[Date "2010.04.14"]
[Round "3"]
[White "Chen, Jianqiu"]
[Black "Ber, Alexandre"]
[Result "1-0"]
[WhiteElo "1523"]
[BlackElo "1593"]
[PlyCount "51"]
[EventDate "2010.03.31"]
[EventType "tourn"]
[EventRounds "5"]
[EventCountry "CAN"]

1. e4 e6 2. d4 d5 3. e5 c5 4. c3 Nc6 5. Nf3 f6 6. Bb5 Bd7 7. Bxc6 Bxc6 8. O-O
Qd7 9. exf6 gxf6 10. Re1 O-O-O 11. Be3 Bd6 12. dxc5 Bc7 13. Nd4 Ne7 14. Nxc6
Qxc6 15. b4 Rhg8 16. f3 Nf5 17. Bf2 Rg7 18. Qe2 Bxh2+ 19. Kxh2 Qc7+ 20. Kh1
Rxg2 21. Qxe6+ Kb8 22. Kxg2 Qg7+ 23. Kf1 Ng3+ 24. Bxg3+ Qxg3 25. Nd2 Rg8 26.
Qd6+ 1-0

[Event "Mercredi 2010.03.31 ABCD"]
[Site "Montreal CAN"]
[Date "2010.04.14"]
[Round "3"]
[White "Chesnut, Walter"]
[Black "Gauthier, Luc"]
[Result "1-0"]
[WhiteElo "1692"]
[BlackElo "1724"]
[PlyCount "71"]
[EventDate "2010.03.31"]
[EventType "tourn"]
[EventRounds "5"]
[EventCountry "CAN"]

1. e4 Nf6 2. e5 Nd5 3. d4 d6 4. c4 Nb6 5. exd6 exd6 6. Nc3 Be7 7. Bd3 Bf6 8.
Nge2 Nc6 9. Be3 Bg4 10. f3 Bh5 11. O-O O-O 12. Nf4 Bg6 13. Nxg6 hxg6 14. Be2
Re8 15. Bf2 d5 16. c5 Nc4 17. Bxc4 dxc4 18. Qa4 Bxd4 19. Qxc4 Bxf2+ 20. Rxf2
Ne5 21. Qd5 c6 22. Qxd8 Raxd8 23. Ne4 Rd5 24. Re2 Red8 25. Nd6 Rd7 26. Rae1 Nd3
27. Re8+ Kh7 28. R8e7 Rxe7 29. Rxe7 Rxc5 30. h3 Rc1+ 31. Kh2 f5 32. Rxb7 f4 33.
Ne4 Rc2 34. Rb8 Ne1 35. Ng5+ Kh6 36. Nf7+ 1-0

[Event "Mercredi 2010.03.31 ABCD"]
[Site "Montreal CAN"]
[Date "2010.04.14"]
[Round "3"]
[White "Cote, Philippe"]
[Black "Rondon, Luciano"]
[Result "0-1"]
[WhiteElo "1753"]
[BlackElo "1793"]
[PlyCount "72"]
[EventDate "2010.03.31"]
[EventType "tourn"]
[EventRounds "5"]
[EventCountry "CAN"]

1. e4 c5 2. Nf3 d6 3. d4 cxd4 4. Nxd4 Nf6 5. Nc3 e6 6. Bc4 Be7 7. Bb3 a6 8. O-O
O-O 9. f4 Nc6 10. Be3 Bd7 11. f5 Nxd4 12. Bxd4 e5 13. Be3 Bc6 14. Bd5 Bxd5 15.
Nxd5 Nxe4 16. Qf3 Nf6 17. Nxf6+ Bxf6 18. Qxb7 Qa5 19. b4 Qa3 20. Qe4 d5 21. Qd3
Qxd3 22. cxd3 e4 23. Rad1 d4 24. Bf4 e3 25. Rc1 Rfc8 26. Rfe1 Be7 27. a3 a5 28.
Rxc8+ Rxc8 29. b5 Bd8 30. Kf1 Rc2 31. Re2 Rc3 32. Bxe3 dxe3 33. Rxe3 Kf8 34.
Ke2 Rxa3 35. Re5 a4 36. Re4 Rb3 0-1

[Event "Mercredi 2010.03.31 ABCD"]
[Site "Montreal CAN"]
[Date "2010.04.14"]
[Round "3"]
[White "Gagnon, Serge"]
[Black "Levkovsky, Alexandre"]
[Result "1/2-1/2"]
[WhiteElo "1969"]
[BlackElo "2193"]
[PlyCount "63"]
[EventDate "2010.03.31"]
[EventType "tourn"]
[EventRounds "5"]
[EventCountry "CAN"]

1. d4 Nf6 2. c4 e6 3. Nf3 b6 4. g3 Bb7 5. Bg2 Be7 6. O-O O-O 7. Nc3 Ne4 8. Qc2
Nxc3 9. bxc3 f5 10. Nd2 Bxg2 11. Kxg2 Nc6 12. e4 Na5 13. e5 Qc8 14. Qa4 c5 15.
Ba3 d6 16. Nb3 Nxb3 17. Qxb3 dxe5 18. dxe5 f4 19. f3 Rf5 20. Rae1 Qc7 21. Bc1
g5 22. gxf4 gxf4 23. Re4 Bg5 24. Qc2 Rd8 25. Kh1 Qd7 26. Rg1 Kf7 27. Bxf4 Bxf4
28. Rxf4 Rxf4 29. Qxh7+ Ke8 30. Rg8+ Rf8 31. Rxf8+ Kxf8 32. Qh8+ 1/2-1/2

[Event "Mercredi 2010.03.31 ABCD"]
[Site "Montreal CAN"]
[Date "2010.04.14"]
[Round "3"]
[White "Khudaverdian, Berj"]
[Black "Keane-McCarney, Eamon"]
[Result "1-0"]
[WhiteElo "1713"]
[BlackElo "1643"]
[PlyCount "133"]
[EventDate "2010.03.31"]
[EventType "tourn"]
[EventRounds "5"]
[EventCountry "CAN"]

1. c4 e5 2. g3 Nf6 3. Bg2 Be7 4. d3 O-O 5. Nc3 c6 6. Qb3 Re8 7. Bg5 d6 8. Nf3
Qc7 9. Bxf6 Bxf6 10. Ne4 Qa5+ 11. Nfd2 Be7 12. Nc3 Nd7 13. O-O Nc5 14. Qc2 Be6
15. a3 Qc7 16. b4 Nd7 17. a4 d5 18. Na2 Rac8 19. Rfc1 Nf6 20. Qb2 Qd6 21. c5
Qc7 22. Nc3 Qd7 23. Nf3 e4 24. dxe4 dxe4 25. Rd1 Qc7 26. Nd4 e3 27. f4 Bd7 28.
Rd3 Bf8 29. Rad1 Ng4 30. Ndb5 Nf2 31. Nxc7 Nxd1 32. Nxd1 Rxc7 33. Rxe3 Be7 34.
Qe5 Rcc8 35. Qxe7 Rxe7 36. Rxe7 Rd8 37. Nc3 Kf8 38. Re3 Be6 39. b5 Rc8 40. bxc6
bxc6 41. Rd3 Ke7 42. Rd6 Bd7 43. Rxd7+ Kxd7 44. Bh3+ Kd8 45. Bxc8 Kxc8 46. e4
Kb7 47. Kf2 Ka6 48. Ke3 Ka5 49. Kd4 Kb4 50. f5 f6 51. h4 h5 52. a5 a6 53. Ne2
Kxa5 54. Kc4 Ka4 55. Nd4 Ka3 56. Nxc6 Kb2 57. Na5 Kc2 58. c6 Kd2 59. c7 Ke3 60.
c8=Q Kxe4 61. Qe6+ Kf3 62. Kd3 Kxg3 63. Ke3 Kxh4 64. Kf4 g5+ 65. fxg6 f5 66.
Qe1+ Kh3 67. Qg3# 1-0

[Event "Mercredi 2010.03.31 ABCD"]
[Site "Montreal CAN"]
[Date "2010.04.14"]
[Round "3"]
[White "Lange, David"]
[Black "Dobrev, Martin"]
[Result "1-0"]
[WhiteElo "1962"]
[BlackElo "1855"]
[PlyCount "103"]
[EventDate "2010.03.31"]
[EventType "tourn"]
[EventRounds "5"]
[EventCountry "CAN"]

1. d4 d5 2. c4 c6 3. Nc3 Nf6 4. e3 e6 5. Nf3 Nbd7 6. Be2 dxc4 7. Bxc4 b5 8. Bd3
Bb7 9. O-O a6 10. b3 c5 11. Be2 Be7 12. Bb2 O-O 13. Rc1 Rc8 14. dxc5 Nxc5 15.
Qxd8 Rfxd8 16. Rfd1 b4 17. Nb1 Nce4 18. Rxd8+ Bxd8 19. Rxc8 Bxc8 20. a3 a5 21.
axb4 axb4 22. Nd4 Bb7 23. f3 Nd6 24. Nd2 Bb6 25. Nc4 Nxc4 26. Bxc4 Bd5 27. Kf2
Kf8 28. Ke2 Ke7 29. Kd3 Kd6 30. e4 Bxc4+ 31. Kxc4 Nd7 32. Kxb4 g6 33. Kb5 f5
34. Nc6 Bg1 35. e5+ Kc7 36. Nd4 Nf8 37. h3 g5 38. g3 h5 39. g4 fxg4 40. fxg4
hxg4 41. hxg4 Be3 42. Ka6 Bxd4 43. Bxd4 Kc6 44. b4 Kd5 45. Be3 Nd7 46. b5 Kxe5
47. Bxg5 Kd6 48. Be3 e5 49. b6 Kc6 50. g5 e4 51. g6 Nc5+ 52. Bxc5 1-0

[Event "Mercredi 2010.03.31 ABCD"]
[Site "Montreal CAN"]
[Date "2010.04.14"]
[Round "3"]
[White "Lescarbeau, Martin"]
[Black "Millette, Sylvain"]
[Result "1-0"]
[WhiteElo "1521"]
[BlackElo "1609"]
[PlyCount "71"]
[EventDate "2010.03.31"]
[EventType "tourn"]
[EventRounds "5"]
[EventCountry "CAN"]

1. e4 Nf6 2. e5 Nd5 3. d4 d6 4. c4 Nb6 5. Nf3 Bg4 6. exd6 exd6 7. Bd3 Nc6 8.
Be3 Be7 9. h3 Bxf3 10. gxf3 Bf6 11. Be4 Qd7 12. Qd3 Kd8 13. a3 d5 14. cxd5 Nxd5
15. Qb5 Nxe3 16. fxe3 Rb8 17. Bxc6 Qxc6 18. Qxc6 bxc6 19. b4 Re8 20. Kd2 a5 21.
bxa5 Rb3 22. Nc3 c5 23. Rhb1 Rxb1 24. Rxb1 cxd4 25. exd4 Bxd4 26. Rb8+ Kd7 27.
Rxe8 Kxe8 28. Nb5 Bc5 29. a6 Kd7 30. a7 Bxa7 31. Nxa7 c6 32. Kd3 Kc7 33. Kd4
Kb7 34. Nxc6 Kxc6 35. a4 g5 36. Ke5 1-0